The Routledge Handbook of Translation, Feminism and Gender

Salvato in:
Dettagli Bibliografici
Autore principale: von Flotow, Luise (editora)
Altri autori: Kamal, Hala (editora)
Natura: Sconosciuto
Lingua:inglese
Pubblicazione: London, United Kingdom Routledge 2020
Soggetti:
Tags: Aggiungi Tag
Nessun Tag, puoi essere il primo ad aggiungerne!!

MARC

LEADER 00000 a2200000 4500
003 CL-VaPUC
005 20210615104141.0
008 210223b ||||| |||| 00| 0 eng d
999 |c 432436  |d 432434 
020 |a 9781138066946 
040 |c Pontificia Universidad Católica de Valparaíso 
082 |a 809.89287 VON 2020 
100 |a von Flotow, Luise   |9 859121  |e editora 
245 |a The Routledge Handbook of Translation, Feminism and Gender 
260 |a London, United Kingdom   |b Routledge  |c 2020 
300 |a 572 páginas  
583 |k Cristina Rojas  |c 20210223 
650 |a Traducción e interpretación   |9 315998 
650 |a Literatura   |x Mujeres autoras   |x Historia y crítica   |9 859592 
650 |a Mujeres y literatura   |x Historia   |y Siglo 20   |9 859593 
650 |a Mujeres traductoras   |x Historia   |y Siglo 20  |9 859594 
700 |a Kamal, Hala   |e editora  |9 859595 
852 |a BIBCUR 
942 |2 ddc  |c BK 
952 |0 0  |1 0  |2 ddc  |4 0  |6 809_892870000000000_VON_2020  |7 0  |9 577545  |a BIBEDU  |b BIBEDU  |d 2021-02-23  |e 102  |g 142656.00  |i 5582512  |o 809.89287 VON 2020  |p 5582512  |r 2021-02-23  |t 1  |v 142656.00  |w 2021-02-23  |y BK  |k LIT